| 000 | 00528nam a2200181 a 4500 | ||
|---|---|---|---|
| 040 | _cDLC | ||
| 082 | 0 | 0 | _a624 EDI 1980 A038 Or. |
| 100 | 1 | _aGazel, Raymond. | |
| 245 | 1 | 3 |
_aLa charpente en bois : _bfermes classiques / |
| 250 | _a2e éd., rev. et corr. | ||
| 260 |
_aParis : _bEditions Eyrolles, _c1980. |
||
| 300 |
_a99 p. : _bill. ; _c21 x 27 cm. |
||
| 500 | _a"La charpente en bois : fermes légères" (20 p.) inserted at end. | ||
| 650 | 0 | _aBuilding, Wooden. | |
| 650 | 0 | _aCarpentry. | |
| 650 | 0 | _aTrusses. | |
| 942 | _cFB | ||
| 999 |
_c11846 _d11846 |
||